000 00776pam a2200253 a 4500
001 2926970
003 OSt
005 20161011121508.0
008 891019s1990 nyua 001 0 eng
010 _a 89029387
020 _a0716720736 :
_c$42.95
040 _cDDC.
082 0 0 _a541ATK 1998
100 1 _aAtkins, P. W.
_98543
245 1 0 _aPhysical chemistry /
_cP.W. Atkins.
250 _a6th ed.
260 _aTokyo;
_bOxford University Press.,
_c1998
300 _axii, 995 p. :
_bill. ;
_c27 cm.
504 _aIncludes index.
650 0 _aChemistry, Physical and theoretical.
_92922
906 _eocip
_f19
_gy-gencatlg
942 _2ddc
_cO_SHELF
999 _c5335
_d5335